|
|
|
|
| LEADER |
00000nab a2200000 a 4500 |
| 001 |
vtls001013504 |
| 003 |
SK-MaSNL |
| 005 |
20260303042301.0 |
| 008 |
040720e19370101xo 0 slo |
| 035 |
|
|
|a RVS362
|
| 040 |
|
|
|a RVGKPD
|b slo
|c RVGKPD
|e AACR2
|
| 041 |
0 |
|
|a slo
|
| 044 |
|
|
|a xo
|c SK
|
| 080 |
|
|
|a 334
|2 1981
|
| 100 |
1 |
|
|a Chochol, Juraj
|4 aut
|9 665288
|
| 245 |
1 |
0 |
|a Za Lichardov dom a pamätnú tabuľu v Ochtinej
|
| 518 |
|
|
|a 28.02.1937
|
| 610 |
2 |
7 |
|a Úverné družstvo (Ochtiná, Slovensko)
|2 RVGKPD
|9 1028338
|
| 650 |
0 |
7 |
|a družstevníctvo úverové
|2 RVGKPD
|9 1028252
|
| 650 |
0 |
7 |
|a zhromaždenie valné
|2 RVGKPD
|9 887072
|
| 651 |
|
7 |
|a Ochtiná (Slovensko)
|2 RVGKPD
|9 58427
|
| 655 |
|
7 |
|a periodikum
|2 snkbucl
|9 29553
|
| 710 |
2 |
|
|a Úverné družstvo (Ochtiná, Slovensko)
|4 aut
|9 1028338
|
| 773 |
0 |
8 |
|t Šafárikov kraj
|g Roč. 6, č.10, 6.3.1937, s. 4
|
| 852 |
|
|
|a ZVYKNI
|b KIS3GCP
|
| 999 |
|
|
|c 1691333
|d 1693263
|